000 00803nam a2200265Ia 4500
003 OSt
005 20221007072859.0
006 a|||||r|||| 00| 0
007 ta
008 221006b |||||||| |||| 00| 0 eng d
024 _a9,131
037 _cReference Collections
040 _aFLL
_cFLL
_beng
041 _2eng
_aeng
082 _aZ2,2673y7, N8
100 _aGallafent Richard J. Au.
_9691566
245 0 _aIntellectual property law and taxation
250 _a5th
260 _aLondon
_bSweet and Maxwell London
_c1998
300 _axliii,637p
_ccm.
650 _aIntellectual property law
700 _a Eastaway Nigel A. Au.
_9691567
942 _hZ2,2673y7, N8
_cREF
_2CC
999 _c1147174
_d1147174